[Event "RSA-chT U20"]
[Site "Cape Town"]
[Date "2016.01.06"]
[Round "5.5"]
[White "Paupamah, Prineel"]
[Black "Mashibini, Jabulile"]
[Result "1/2-1/2"]
[WhiteElo "1215"]
[BlackElo "1024"]
[PlyCount "53"]
[EventDate "2016.01.04"]
[EventType "team-tourn"]
[EventRounds "7"]
[EventCountry "RSA"]
[SourceTitle "CBM 170 Extra"]
[Source "ChessBase"]
[SourceDate "2016.02.25"]
[SourceVersion "1"]
[SourceVersionDate "2016.02.25"]
[SourceQuality "1"]
[WhiteTeam "Ekurhuleni"]
[BlackTeam "Free State"]
[WhiteTeamCountry "RSA"]
[BlackTeamCountry "RSA"]

1. e4 e5 2. Nf3 Nc6 3. Bc4 d6 4. d3 Be7 5. Nc3 Bg4 6. h3 Bh5 7. g4 Bg6 8. Nd5 Na5 9. Nxe7 Qxe7 10. h4 Nxc4 11. h5 Bxh5 12. gxh5 Nb6 13. Bg5 f6 14. Be3 c5 15. Qd2 0-0-0 16. 0-0-0 Qf7 17. Qa5 Kb8 18. b3 Ne7 19. Nd2 Nc6 20. Qa3 Nc8 21. Nc4 b6 22. Bd2 a5 23. Qa4 Qb7 24. Ne3 Qd7 25. c3 N8a7 26. Nd5 Qf7 27. Nxb6 1/2-1/2